Statistics for Where in the U.K. - Museums

Click here to take the quiz!

General Stats

  • This quiz has been taken 24 times
  • The average score is 8 of 15

Answer Stats

QuestionAnswer% Correct
British Museum of GolfScotland
92%
Derwent Pencil MuseumEngland
88%
Titanic's Dock and PumphouseNorthern Ireland
88%
Lloyd George MuseumWales
79%
National Slate MuseumWales
63%
Devil's Porridge MuseumScotland
58%
TechniquestWales
58%
Museum of Knots and Sailors' RopeworkEngland
42%
St Mungo Museum of Religious Life and ArtScotland
42%
Cuckooland MuseumEngland
38%
Last House MuseumScotland
38%
Internal Fire Museum of PowerWales
29%
Elliott's ShopEngland
25%
Andrew Jackson CottageNorthern Ireland
25%
Somme Heritage CentreNorthern Ireland
4%

Score Distribution

Percentile by Number Answered

Percent of People with Each Score

Your Score History

You have not taken this quiz